| 000 | 00902nam a22003017a 4500 | ||
|---|---|---|---|
| 001 | BR0809560 | ||
| 003 | BR-BrBNA | ||
| 005 | 20230928102832.0 | ||
| 007 | ta | ||
| 008 | 230509b bl.||||| |||| 00| 0 por d | ||
| 040 |
_aBR-BrBNA _bpor _cBiblioteca Nacional de Agricultura |
||
| 041 | _a(Por) | ||
| 072 |
_aH20 _b0331 _b4120 |
||
| 090 | _ 0331 BR0809560 | ||
| 100 | 1 | _aSussel, A.A.B. | |
| 110 | 1 |
_aUniversidade Federal de Lavras, MG (Brasil) _0Tese (Doutorado) |
|
| 245 | 1 | _aEpidemiologia do mofo-cinzento (Amphobotrys ricini Buchw.)da mamoneira | |
| 260 | 3 |
_aLavras, MG (Brasil): _c2008. |
|
| 300 | _a116 p. | ||
| 500 | _aSummaries (Eng, Por); Several bibliography; 13 tables; 11 illus. p. | ||
| 650 | _aMAMONA | ||
| 650 | _aMOFO CINZENTO | ||
| 650 | _aEPIDEMIOLOGIA | ||
| 650 | _aVARIAÇÃO SAZONAL | ||
| 650 | _aTEMPERATURA | ||
| 909 |
_a202309 _bLucia _c55 _dLucia Elande |
||
| 942 | _cBK | ||
| 999 |
_c72637 _d72637 |
||